Sports Quiz

Random Sports or MLB Quiz

MLB - Single Season -ez Leaders Quiz Stats

 Plays Quiz not verified by Sporcle

Score 0/63 Timer 03:00
0 Plays Today
Category Player % Correct
HitsAlex Rodriguez
93.9%
HitsAlex Rodriguez
93.9%
HitsAlex Rodriguez
93.9%
HRAlex Rodriguez
93.9%
HRAlex Rodriguez
93.9%
HRAlex Rodriguez
93.9%
HRAlex Rodriguez
93.9%
HRAlex Rodriguez
93.9%
K (Batting)Henry Rodriguez
93.7%
K (Batting)Henry Rodriguez
93.7%
SavesFrancisco Rodriguez
93.7%
Games (Pitching)Felix Rodriguez
93.7%
Games (Pitching)Francisco Rodriguez
93.7%
SavesFrancisco Rodriguez
93.7%
SavesFrancisco Rodriguez
93.7%
SavesFrancisco Rodriguez
93.7%
HitsAdrian Gonzalez
92.8%
HitsLuis Gonzalez
92.8%
HRLuis Gonzalez
92.8%
HRJuan Gonzalez
92.8%
HRJuan Gonzalez
92.8%
HRJuan Gonzalez
92.8%
K (Batting)Alex Gonzalez
92.8%
Games (Pitching)Mike Gonzalez
92.8%
K (Pitching)Pedro Martinez
92.5%
K (Pitching)Pedro Martinez
92.5%
K (Pitching)Pedro Martinez
92.5%
K (Pitching)Pedro Martinez
92.5%
K (Pitching)Pedro Martinez
92.5%
K (Pitching)Pedro Martinez
92.5%
HitsKeith Hernandez
76.3%
K (Batting)Jose Hernandez
76.3%
Category Player % Correct
K (Batting)Jose Hernandez
76.3%
K (Batting)Jose Hernandez
76.3%
Games (Pitching)Willie Hernandez
76.3%
Games (Pitching)Xavier Hernandez
76.3%
K (Pitching)Felix Hernandez
76.3%
SavesRoberto Hernandez
76.3%
HitsHanley Ramirez
66.4%
HRManny Ramirez
66.4%
K (Batting)Manny Ramirez
66.4%
HRManny Ramirez
66.4%
Games (Pitching)Mike Perez
60.1%
K (Pitching)Oliver Perez
60.1%
HitsTony Fernandez
58.6%
Games (Pitching)Duaner Sanchez
48.5%
Games (Pitching)Javier Lopez
40.6%
K (Batting)Carlos Gomez
34.9%
HitsMagglio Ordoñez
32.7%
K (Pitching)Javier Vazquez
32.2%
K (Pitching)Javier Vazquez
32.2%
Games (Pitching)Armando Benitez
29.8%
SavesArmando Benitez
29.8%
SavesArmando Benitez
29.8%
SavesArmando Benitez
29.8%
K (Batting)Pedro Alvarez
23%
K (Batting)Pedro Alvarez
23%
SavesJose Jimenez
17.4%
Games (Pitching)Vladimir Nunez
12.1%
HitsWillie Montanez
10.5%
SavesDanys Baez
10.4%
Games (Pitching)Julian Tavarez
5%
Games (Pitching)Julian Tavarez
5%

You're not logged in!

Compare scores with friends on all Sporcle quizzes.
OR
Log In

Show Comments

Extras

Top Quizzes Today


Score Distribution

Your Account Isn't Verified!

In order to create a playlist on Sporcle, you need to verify the email address you used during registration. Go to your Sporcle Settings to finish the process.

Report this User

Report this user for behavior that violates our Community Guidelines.

Details: